Central Library || Chittagong University

ফৌজদারি মামলার বিচার এবং প্রাসঙ্গিক বিষয় / (Record no. 112055)

MARC details
000 -LEADER
fixed length control field 00868nam a22001937a 4500
003 - CONTROL NUMBER IDENTIFIER
control field BD-ChCU
005 - DATE AND TIME OF LATEST TRANSACTION
control field 20260406112638.0
008 - FIXED-LENGTH DATA ELEMENTS--GENERAL INFORMATION
fixed length control field 260406b bg ||||| |||| 00| 0 ben d
020 ## - INTERNATIONAL STANDARD BOOK NUMBER
International Standard Book Number 9789849071624
040 ## - CATALOGING SOURCE
Transcribing agency BD-ChCU
082 ## - DEWEY DECIMAL CLASSIFICATION NUMBER
Edition number 22
Classification number ৩৪৫.০৫ রাজা ৪২ ফৌ
100 ## - MAIN ENTRY--PERSONAL NAME
Personal name রাজা , কে ,এম, রাশেদুজ্জামান
9 (RLIN) 21194
245 ## - TITLE STATEMENT
Title ফৌজদারি মামলার বিচার এবং প্রাসঙ্গিক বিষয় /
Statement of responsibility, etc. কে , এম, রাশেদুজ্জামান রাজা
250 ## - EDITION STATEMENT
Edition statement ৩ সং
260 ## - PUBLICATION, DISTRIBUTION, ETC.
Place of publication, distribution, etc. ঢাকা :
Name of publisher, distributor, etc. ব্ল্যাকস্টোন ল’ বুকস ,
Date of publication, distribution, etc. ২০২৫
300 ## - PHYSICAL DESCRIPTION
Extent ৫৪০পৃ:
Dimensions ২২সেমি.
650 #0 - SUBJECT ADDED ENTRY--TOPICAL TERM
Topical term or geographic name entry element ফৌজদারি মামলা বিচার
9 (RLIN) 21182
942 ## - ADDED ENTRY ELEMENTS (KOHA)
Source of classification or shelving scheme Dewey Decimal Classification
Koha item type Books
Suppress in OPAC No
Holdings
Withdrawn status Lost status Source of classification or shelving scheme Damaged status Not for loan Home library Current library Shelving location Date acquired Source of acquisition Total Checkouts Full call number Barcode Date last seen Copy number Price effective from Koha item type
    Dewey Decimal Classification     Chittagong University Library Chittagong University Library Arts and Humanities Reading Room 04/06/2026 Purchase   ৩৪৫.০৫ রাজা ৪২ফৌ 334582 04/08/2026 ক-১ 04/06/2026 Books
    Dewey Decimal Classification     Chittagong University Library Chittagong University Library Arts and Humanities Reading Room 04/06/2026 Purchase   ৩৪৫.০৫ রাজা ৪২ফৌ 334583 04/08/2026 ক-২ 04/06/2026 Books
    Dewey Decimal Classification     Chittagong University Library Chittagong University Library Arts and Humanities Reading Room 04/06/2026 Purchase   ৩৪৫.০৫ রাজা ৪২ফৌ 334584 04/08/2026 ক-৩ 04/06/2026 Books
    Dewey Decimal Classification     Chittagong University Library Chittagong University Library Arts and Humanities Reading Room 04/06/2026 Purchase   ৩৪৫.০৫ রাজা ৪২ফৌ 334585 04/08/2026 ক-৪ 04/06/2026 Books
© Copyright 2026. Chittagong University Library, Installation and Maintenance by Prof. Dr. Md. Alamgir, 01711306253